Bodhgayā: (Record no. 39856)

MARC details
000 -LEADER
fixed length control field 01109nam a22001697a 4500
041 ## - LANGUAGE CODE
Language code of text/sound track or separate title ENG
082 ## - DEWEY DECIMAL CLASSIFICATION NUMBER
Classification number 294.34350954123
Item number BOD-
245 ## - TITLE STATEMENT
Title Bodhgayā:
Sub Title impressions within & beyond
Statement of responsibility, etc /Edited by Bijoy Kumar Choudhary
260 ## - PUBLICATION, DISTRIBUTION, ETC. (IMPRINT)
Place of publication Patna:
Name of publisher Bihar heritage development society,
Year of publication 2016
300 ## - PHYSICAL DESCRIPTION
Number of Pages x, 106p.
520 ## - SUMMARY, ETC.
Summary, etc Bodhgayā: Impressions Within & Beyond is an edited volume that presents Bodh Gaya as a sacred, historical, and living heritage site central to Buddhism. Through scholarly and reflective essays, the book examines the Mahabodhi Temple, associated monuments, sculptures, and sacred symbols within their historical, archaeological, and cultural contexts. It also explores Bodh Gaya’s spiritual significance, global Buddhist connections, and contemporary relevance, portraying the site as a multilayered landscape shaped by religious memory, artistic traditions, and ongoing cultural practices.
650 ## - SUBJECT ADDED ENTRY--TOPICAL TERM
Topical Term Buddhism
General subdivision Sacred space
Geographic subdivision Bihar (India)
650 ## - SUBJECT ADDED ENTRY--TOPICAL TERM
Topical Term Buddhist architecture
General subdivision World Heritage areas
700 ## - ADDED ENTRY--PERSONAL NAME
Personal name Choudhary, Bijoy Kumar
942 ## - ADDED ENTRY ELEMENTS (KOHA)
Source of classification or shelving scheme Dewey Decimal Classification
Koha item type Books
Holdings
Withdrawn status Lost status Damaged status Not for loan Home library Current library Date acquired Source of acquisition Full call number Accession Number Price effective from Koha item type
        NASSDOC Library NASSDOC Library 15/09/2025 Gifted 294.34350954123 BOD- 54853 15/09/2025 Books